Statistics for Things That are Green

Click here to take the quiz!

General Stats

  • This quiz has been taken 110,688 times
    (47,182 since last reset)
  • The average score is 13 of 20

Answer Stats

ClueAnswer% Correct
Large island controlled by DenmarkGreenland
98%
I.D. of a USA permanent residentGreen Card
85%
Famous punk bandGreen Day
78%
Superhero with a power ringGreen Lantern
75%
Gas such as CO2 or methaneGreenhouse Gas
74%
Jasmine or matcha, for exampleGreen Tea
71%
I will not eat them Sam I AmGreen Eggs & Ham
71%
Activist environmental groupGreenpeace
69%
Place for a performer to wait off-stageGreen Room
68%
What a good gardener hasGreen Thumb
66%
London locale that sits on the
Prime Meridian
Greenwich
60%
Thanksgiving casserole ingredientGreen Beans
59%
Tom Hanks movieThe Green Mile
57%
U.S. Army special forces soldierGreen Beret
56%
Spiderman's nemesisGreen Goblin
56%
Not deciduousEvergreen
54%
City in WisconsinGreen Bay
48%
Unless they are British in which
case they have ...
Green Fingers
44%
International area of BaghdadGreen Zone
42%
Futuristic food made of peopleSoylent Green
28%

Score Distribution

Percentile by Number Answered

Percent of People with Each Score

Your Score History

You have not taken this quiz since the last reset